My Iron Lung Tracklist (Radiohead) - Statistics

General Stats
  • This quiz has been taken 11 times
  • The average score is 4 of 8
Answer Stats
Hint Answer % Correct
1 My Iron Lung
100%
3 Lewis (Mistreated)
64%
2 The Trickster
64%
4 Punchdrunk Lovesick Singalong
55%
7 You Never Wash Up After Yourself
45%
5 Permanent Daylight
36%
8 Creep (Acoustic)
27%
6 Lozenge Of Love
27%
No matching quizzes found
Score Distribution
Percent of People with Each Score
Percentile by Number Answered
Your Score History
You have not taken this quiz